Catalogue des bas-reliefs et peintures égyptiens /

محفوظ في:

المؤلف الرئيسي: Koefoed-Petersen, Otto (مؤلف)

التنسيق: كتاب

اللغة: French

منشور في: Copenhague : [publisher not identified], 1956.

سلاسل: Ny Carlsberg glyptotek. Publications ; 6.
NCGP ; 6.

الموضوعات:

الوسوم: إضافة وسم

لا توجد وسوم, كن أول من يضع وسما على هذه التسجيلة!

رقم الطلب: DT59 .C75 v.6

LEADER 00950namaa2200301 4500
001 4137
003 OSt
005 20260517065306.0
008 130303s1956 dk f c 000 0 fre d
010 |a 57047805 
035 |a ocm03302252 
040 |c ARCE Library 
050 4 |a DT59 .C75 v.6 
100 1 |a Koefoed-Petersen, Otto,  |e author  |9 34073 
245 1 0 |a Catalogue des bas-reliefs et peintures égyptiens /  |c Otto Koefoed-Petersen. 
264 1 |a Copenhague :  |b [publisher not identified],  |c 1956. 
300 |a 81 pages :   |b 84 plates ;   |c 24 cm. 
490 1 |a Ny Carlsberg glyptotek. Publications ;   |v 6. 
490 1 |a NCGP ;   |v 6. 
650 0 |a Sculpture, Egyptian. 
650 0 |a Bas-relief. 
650 0 |a Sculpture   |z Denmark   |z Copenhagen   |v Catalogs. 
650 0 |a Painting  |z Denmark  |z Copenhagen  |v Catalogs. 
830 0 |a Ny Carlsberg glyptotek. Publications ;   |v 6. 
830 0 |a NCGP ;   |v 6. 
901 |a reviewed 
942 |c BK  |2 lcc 
999 |c 5669  |d 5669